Catálogo
 En Linea

La tragedia dominicana ; (Registro nro. 57603)

Detalles MARC
000 -CABECERA
campo de control de longitud fija 01305nam a2200289 i 4500
003 - IDENTIFICADOR DEL NÚMERO DE CONTROL
campo de control DO-SdBNP
005 - FECHA Y HORA DE LA ÚLTIMA TRANSACCIÓN
campo de control 20250630100925.0
007 - CAMPO FIJO DE DESCRIPCIÓN FÍSICA--INFORMACIÓN GENERAL
campo de control de longitud fija ta
008 - DATOS DE LONGITUD FIJA--INFORMACIÓN GENERAL
campo de control de longitud fija 240902e1946 cl ||||| |||| 00| 0 spa d
040 ## - FUENTE DE LA CATALOGACIÓN
Centro catalogador/agencia de origen DO-SdBNP
Lengua de catalogación spa
Centro/agencia transcriptor BNPHU
Normas de descripción rda
041 ## - CÓDIGO DE LENGUA
Código de lengua del texto/banda sonora o título independiente spa
082 #4 - NÚMERO DE LA CLASIFICACIÓN DECIMAL DEWEY
Número de clasificación 972.93053
Número de documento/Ítem F825te
Número de edición 22
100 ## - ENTRADA PRINCIPAL--NOMBRE DE PERSONA
Nombre de persona Franco Ornes, Pericles,
Fechas asociadas al nombre 1921-
Término indicativo de función/relación autor
9 (RLIN) 54949
Código de función/relación aut.
245 13 - MENCIÓN DE TÍTULO
Título La tragedia dominicana ;
Resto del título (análisis de la tiranía de Trujillo) /
Mención de responsabilidad, etc. Pericles Franco Ornes ; prólogo, Pablo Neruda.
264 ## - PRODUCCIÓN, PUBLICACIÓN, DISTRIBUCIÓN, FABRICACIÓN Y COPYRIGHT
Producción, publicación, distribución, fabricación y copyright Santiago de Chile :
Nombre del de productor, editor, distribuidor, fabricante Publicaciones de la Federación de Estudiantes de Chile,
Fecha de producción, publicación, distribución, fabricación o copyright 1946.
300 ## - DESCRIPCIÓN FÍSICA
Extensión 109 páginas ;
Dimensiones 18 cm.
336 ## - TIPO DE CONTENIDO
Término de tipo de contenido texto
Código de tipo de contenido txt
Fuente rdacontent
337 ## - TIPO DE MEDIO
Nombre/término del tipo de medio sin mediación
Código del tipo de medio n
Fuente rdamedia
338 ## - TIPO DE SOPORTE
Nombre/término del tipo de soporte volumen
Código del tipo de soporte nc
Fuente rdacarrier
505 2# - NOTA DE CONTENIDO CON FORMATO
Nota de contenido con formato Luchemos por la liberación de nuestros pueblos tiranizados.--
Título Panorama Político Dominicano.--
-- Orígenes de la Era Tenebrosa.--
-- La lucha del pueblo dominicano por su libertad --
-- La democracia mundial frente a la dictadura de Trujillo /
590 ## - NOTA LOCAL (RLIN)
Nota local Inventariado 2024 / YL
650 ## - PUNTO DE ACCESO ADICIONAL DE MATERIA--TÉRMINO DE MATERIA
Término de materia o nombre geográfico como elemento de entrada Dictadura de Trujillo
9 (RLIN) 85510
Subdivisión geográfica República Dominicana
651 #0 - PUNTO DE ACCESO ADICIONAL DE MATERIA--NOMBRE GEOGRÁFICO
Nombre geográfico República Dominicana
Subdivisión general Historia
Subdivisión cronológica Era de Trujillo, 1930-1961
9 (RLIN) 78796
700 1# - PUNTO DE ACCESO ADICIONAL--NOMBRE DE PERSONA
Nombre de persona Neruda, Pablo
Fechas asociadas al nombre 1904-1973
9 (RLIN) 12031
Término indicativo de función/relación prologuista
Código de función/relación pr.
910 ## - DATOS DE OPCIÓN DEL USUARIO (OCLC)
Datos de opción del usuario YLockward
942 ## - ELEMENTOS DE PUNTO DE ACCESO ADICIONAL (KOHA)
Fuente del sistema de clasificación o colocación Dewey Decimal Classification
Tipo de ítem Koha Libro
Existencias
Estado de retiro Estado de pérdida Fuente del sistema de clasificación o colocación Restricciones de uso No para préstamo Código de colección Localización permanente Ubicación/localización actual Ubicación en estantería Fecha de adquisición Fuente de adquisición Total de préstamos Signatura topográfica completa Código de barras Fecha visto por última vez Precio válido a partir de Tipo de ítem Koha Nota pública
    Dewey Decimal Classification Excluido de préstamo   Patrimonio Dominicano Raros y Valiosos Biblioteca Nacional Pedro Henríquez Ureña Biblioteca Nacional Pedro Henríquez Ureña Depósito 01.03.2023 Donado por Emilio Cordero Michel   BNPHU PD-RV 972.93053 F825te 2024-5201 02.09.2024 02.09.2024 Libro Perteneció a la biblioteca personal de Emilio Cordero Michel

Con tecnología Koha